000 01296nam a2200265Ia 4500
003 OSt
005 20200921142837.0
008 191128t1992 ck a gr 000 f spa d
020 _a9684517181
040 _aCO-JMCR
_cCO-JMCR
041 _aspa
082 0 4 _aR /
_b658 B582b
100 1 _aEquipo de Consultores Editoriales de McGraw-Hill, compiladores
_910586
245 1 0 _aBiblioteca práctica de negocios : administración de personal y recursos humanos /
_ccompilado por el equipo de consultores editoriales de McGraw-Hill ; revisión técnica José I. Gil Mendoza, Marcia González Osuna, Rafael Mirafuentes Magdaleno [y otros 4]
260 _aBogotá :
_bMcGraw-Hill,
_c©1992
300 _a261 páginas :
_bgráficos a color ;
_c24 cm.
500 _aIncluye índice analítico
505 _aFundamentos y desafíos -- Preparación y selección -- Desarrollo y evaluación -- Rendimiento, sueldos y asesoría -- Relaciones obrero - patronales -- La dirección de personal en perspectiva
546 _aTraducido del inglés
650 1 4 _aAdministración de personal Recursos humanos
_910587
700 _aGil Mendoza, José I.,
_erevisor
_910588
700 _aGonzález Osuna, Marcia,
_erevisor
_91157
700 _aMirafuentes Magdaleno, Rafael,
_erevisor
_910589
942 _2ddc
_cBK
999 _c4488
_d4488